000 00655nam a22001337a 4500
040 _cRUA
082 _aAGR PET 2022 B1-406 Or.
100 _aPET BONA,ប៉ែត បូណា
245 _aCOMPARISON OF PAK CHOY (Brassica rapasubsp Chinensis L.) VARIETIES ON GROWTH AND YIELD IN DRY SEASON,ការប្រៀបធៀបពូជដំណាំស្ពៃតឿលើការលូតលាស់ និងទិន្នផលនៅរដូវប្រាំង
260 _aphnom penh
_brua
_c2022
300 _ax.37p.
_bill.
_c29cm.
856 _uhttps://drive.google.com/file/d/1Qb1NwcQfpsrrAgMaNLMDST1XqyDwhKin/view?usp=sharing
942 _cAGR
999 _c24235
_d24235